Geography Quiz

Random Geography or State Quiz

US cities ending with X Quiz Stats

 Plays Quiz not verified by Sporcle

Challenge
Share
Tweet
Embed
Score 0/27 Timer 08:00
0 Plays Today
Population City % Correct
2,064Colfax
100%
2,493Charlevoix
100%
1,626,078Phoenix
96.8%
2,266Phoenix (village)
96.8%
4,576Phoenix
96.8%
6,588Essex (town)
75.8%
3,748Essex (town)
75.8%
21,519Essex (town)
75.8%
2,024Sussex (borough)
66.3%
10,819Sussex (village)
66.3%
7,598Fairfax (town)
56.8%
2,631Fairfax
56.8%
4,669Fairfax (town)
56.8%
24,097Fairfax
56.8%
Population City % Correct
13,867Middlesex (borough)
52.6%
7,855Halifax (town)
41.1%
50,451Apex (town)
41.1%
2,005Colfax
24.2%
2,900Colfax
24.2%
4,957Lenox (town)
20%
14,713Thibodaux
18.9%
2,386Lennox
18.9%
3,549Knox
17.9%
6,625Galax
16.8%
26,575New Lenox (village)
11.6%
2,037Ninety Six (town)
6.3%
3,501Willcox
4.2%

You're not logged in!

Compare scores with friends on all Sporcle quizzes.
Join for Free
OR
Log In

You Might Also Like...

Show Comments

Extras

Top Quizzes Today


Score Distribution

Your Account Isn't Verified!

In order to create a playlist on Sporcle, you need to verify the email address you used during registration. Go to your Sporcle Settings to finish the process.

Report this User

Report this user for behavior that violates our Community Guidelines.

Details: